| 000 | 00625nam a22001937a 4500 | ||
|---|---|---|---|
| 005 | 20241108162626.0 | ||
| 008 | 241108b |||||||| |||| 00| 0 eng d | ||
| 020 | _a9780256101324 | ||
| 050 | _aQA76.9 WHI | ||
| 100 | _aWhitten, Jeffrey L. | ||
| 245 |
_aSystems Analysis and Design Methods/ _binstructor's edition _cJeffrey L. Whitten, Lonnie D. Bentley & Victor M. Barlow |
||
| 250 | _a3rd Ed. | ||
| 260 |
_aBurr, Illinois _bIrwin _c1994 |
||
| 300 |
_axxiv.868p. _bill. some color _c26cm |
||
| 650 | _2System analysis and design | ||
| 700 | _aBentley, Lonnie D. | ||
| 700 | _aBarlow, Victor M. | ||
| 942 |
_2lcc _cBK _e3rd Ed. _n0 |
||
| 999 |
_c912 _d912 |
||